[Event "Gujarat op 2nd"]
[Site "Ahmedabad"]
[Date "2019.09.25"]
[Round "5"]
[White "Chauhan, Joy"]
[Black "Anadkat, Kartavya"]
[Result "0-1"]
[WhiteElo "1872"]
[BlackElo "2088"]
[PlyCount "84"]
[EventDate "2019.09.22"]
[EventType "swiss"]
[EventRounds "10"]
[EventCountry "IND"]
[SourceTitle "EXT 2020"]
[Source "ChessBase"]
[SourceDate "2019.10.17"]
[SourceVersion "1"]
[SourceVersionDate "2019.10.17"]
[SourceQuality "1"]

1. b3 Nf6 2. Bb2 g6 3. c4 Bg7 4. Nf3 0-0 5. e3 d6 6. Be2 e5 7. d4 e4 8. Nfd2 h5 9. Nc3 Re8 10. Qc2 Qe7 11. h3 c6 12. 0-0-0 d5 13. Kb1 a6 14. cxd5 cxd5 15. Na4 Nc6 16. a3 Be6 17. b4 Nd7 18. Nb3 Rec8 19. Qd2 b5 20. Nac5 Nb6 21. Nxe6 Qxe6 22. Nc5 Qe7 23. Rc1 Nc4 24. Bxc4 bxc4 25. Na4 Rcb8 26. Nc3 Qd7 27. g4 h4 28. f3 exf3 29. Qf2 a5 30. b5 Nb4 31. Qxf3 Nd3 32. Rc2 Rxb5 33. Nxb5 Qxb5 34. Rd1 Rb8 35. Rxd3 cxd3 36. Rf2 Rb7 37. Qd1 Bf8 38. Ka1 Qc4 39. Qc1 Rb3 40. Rd2 a4 41. Qxc4 dxc4 42. Bc1 Bxa3 0-1

[Event "New Delhi Parsvnath op 8th"]
[Site "New Delhi"]
[Date "2010.01.20"]
[Round "9"]
[White "Chauhan, Joy"]
[Black "Jaiswal, Puneet"]
[Result "0-1"]
[WhiteElo "2097"]
[BlackElo "2259"]
[PlyCount "136"]
[EventDate "2010.01.14"]
[EventType "swiss"]
[EventRounds "11"]
[EventCountry "IND"]
[SourceTitle "CBM 134 Extra"]
[Source "ChessBase"]
[SourceDate "2010.03.03"]
[SourceVersion "1"]
[SourceVersionDate "2010.03.03"]
[SourceQuality "1"]

1. e4 e6 2. d4 d5 3. Nc3 Nf6 4. e5 Nfd7 5. f4 c5 6. Nf3 Nc6 7. Be3 Be7 8. Qd2 0-0 9. dxc5 Bxc5 10. 0-0-0 Qa5 11. Bxc5 Nxc5 12. Kb1 Rb8 13. Qf2 Bd7 14. f5 exf5 15. Nxd5 Ne4 16. Qe1 Be6 17. c4 Rfd8 18. Bd3 Qxe1 19. Rhxe1 b5 20. Bxe4 fxe4 21. Ng5 bxc4 22. Nxe6 fxe6 23. Nc3 Rd3 24. Nxe4 Nxe5 25. Nc5 Rxd1+ 26. Rxd1 c3 27. b3 Rc8 28. b4 a5 29. a3 axb4 30. axb4 Nc6 31. Nxe6 Nxb4 32. Rd8+ Rxd8 33. Nxd8 g6 34. Ne6 h6 35. Nc7 Kf7 36. Nb5 c2+ 37. Kc1 Kf6 38. Nd4 Nd3+ 39. Kxc2 Ne1+ 40. Kd2 Nxg2 41. Ke2 Ke5 42. Nf3+ Kf4 43. Kf2 Ne3 44. Ng1 Ng4+ 45. Kg2 h5 46. Ne2+ Ke3 47. Ng1 Ne5 48. Nh3 Nf3 49. Kg3 Nd2 50. Ng1 g5 51. Nh3 Ne4+ 52. Kg2 h4 53. Ng1 Nd2 54. Nh3 Nf3 55. Ng1 Ne5 56. Nh3 g4 57. Ng5 Nd3 58. Nh7 Nf4+ 59. Kg1 Ke4 60. Ng5+ Kf5 61. Nf7 Ke4 62. Ng5+ Ke3 63. Nh7 Ne6 64. Nf6 Kf3 65. Nd5 Nd4 66. Nf6 Ne2+ 67. Kh1 g3 68. hxg3 hxg3 0-1